01100nam a2200217 a 4500001000400000003000900004008004100013020001500054040002800069082001600097100002700113245009600140260005100236300001500287505035900302650002100661650002000682942001200702999001700714952015100731299CO-ViMGA141112s2004 ck r 000 u spa d a9500602229 aCO-ViMGAbspacCO-ViMGA04a617.95 B6761 aBorodic, Gary E94803810aCirugía plástica del párpado : bAtlas a color / cBorodic Bary E , Townsend Daniel J aBuenos Aires : bMedica PanAméricana, c1995 a150 p : il aAnatomia quirurgica del párpado demostrada por ejemplos clínicos 1 - - Tarsografía e implantación de pesas de oro 23 - - Tratamiento de la retracción palpebral resultante de la enfermedad de graves - basedow 33 - - Reconstrucción palpebral 47 - - Ptosis 81 - - Blefaroplastia 109 - - Malposiciones de los párpados 121 - - Blefaroespasmo 13914aCIRUGIA PLASTICA14aPARPADOS948040 2ddccBK c12544d12544 00102ddc40708002aMEVIECARbMEVIECARd2015-12-04hVolumen. 1 | 11/jun/2009l0o617.95 B676 p00321r2015-12-04 00:00:00tEj. 1w2015-12-04yBK